| 000 | 01103cab a2200313 4500 | ||
|---|---|---|---|
| 001 | ABS54466 | ||
| 008 | 090401t1996 xxu||||| |||| 00| 0 eng d | ||
| 035 | _a(Sirsi) u10549 | ||
| 041 | _aeng | ||
| 100 | _aNdekugri, I. | ||
| 245 | _aComputer-aided resolution of construction contract claims and disputes | ||
| 260 | _c1996 | ||
| 350 | _a0 | ||
| 490 |
_aArbitration _v62(1) February 1996, 57-66(10) |
||
| 520 | _aProposes, as part of the solution to the problem of the high incidence of claims and disputes, development of an integrated system from the available IT tools in a variety of contexts. References. | ||
| 650 | _aCASE-BASED REASONING | ||
| 650 | _aCLAIMS MANAGEMENT | ||
| 650 | _aCONSTRUCTION CLAIMS | ||
| 650 | _aCONTRACT CLAIMS | ||
| 650 |
_aDISPUTE RESOLUTION _96236 |
||
| 650 | _aDOCUMENT IMAGE PROCESSING | ||
| 650 | _aHYPERMEDIA SYSTEMS | ||
| 650 | _aIT SYSTEMS | ||
| 650 | _aKNOWLEDGE-BASED SYSTEMS | ||
| 690 | _aBUILT ENVIRONMENT-BUILDING CONTRACT FORMS | ||
| 690 | _aMANAGEMENT-BUSINESS MANAGEMENT-INFORMATION MANAGEMENT | ||
| 942 | _n0 | ||
| 948 | _c04/03/1997 | ||
| 999 |
_c6670 _d6670 |
||